=LDR 00000nam 2200000 4500 =001 INLIS000000000037570 =005 20200303065454 =035 ##$$a 0010-061300000037570 =008 200303###########################0###### =041 ##$$a Ind =082 ##$$a 153.8 =090 ##$$a 153.8, Ard r =100 ##$$a Ardito, Haryo =245 1#$$a Recharge your life, kisah inspiratif yang membuat anda tetap termotivasi, Haryo Ardito =260 ##$$a 2011 :$b Jakarta =300 ##$$a 89 hlm, 18 cm =650 #4$$a Motivasi =850 ##$$a NBPNMAT =990 ##$$a 93426/BPAP-NTB/2014